书目信息 |
| 题名: |
外国新闻传播史导论
|
|
| 作者: | 程曼丽 著 | |
| 分册: | ||
| 出版信息: | 上海 复旦大学出版社 2004 |
|
| 页数: | 321页 | |
| 开本: | 23cm | |
| 丛书名: | 复旦博学 | |
| 单 册: | ||
| 中图分类: | G219.19 | |
| 科图分类: | ||
| 主题词: | 新闻事业史--外国 | |
| 电子资源: | ||
| ISBN: | 7-309-04124-0 | |
| 000 | 01215oam2 2200289 450 | |
| 001 | 060000012092 | |
| 005 | 20051129101416.01 | |
| 010 | @a7-309-04124-0@dCNY29.00 | |
| 092 | @aCN | |
| 100 | @a20041109d2004 ekmy0chiy0120 ea | |
| 101 | 0 | @achi |
| 102 | @aCN@b310000 | |
| 105 | @ay z 000yy | |
| 200 | 1 | @a外国新闻传播史导论@9wai guo xin wen chuan bo shi dao lun@f程曼丽著@Fcheng man li zhu |
| 210 | @a上海@c复旦大学出版社@d2004 | |
| 215 | @a321页@d23cm | |
| 225 | 2 | @a复旦博学@i新闻与传播学系列教材 |
| 300 | @a新世纪版 | |
| 330 | @a本书突破了外国新闻传播史的传统撰写老路,构建了崭新的研究、教学框架。其一,点面结合。对各国新闻媒体的历史沿革、变迁及其政治、文化传统、背景和经济形态,在突出重点中作了较全面的考察、叙述。其二,史论结合。即对新闻传播理论产生的时代背景和历史必然性作了深刻的描述和评判。其三,历史和现实相结合。即对新闻传播史事件和现象作了不间断的分析和解读,使读者更好地理解世界新闻传播业走过的历程,以及明白其共同的规律和使命。 | |
| 410 | 0 | @12001 @a复旦博学 |
| 410 | 0 | @12001 @a新闻与传播学系列教材 |
| 606 | 0 | @a新闻事业史@y外国 |
| 690 | @aG219.19@v4 | |
| 701 | 0 | @a程曼丽@Acheng man li@4著 |
| 801 | 0 | @aCN@bCXYBOOK@c20051129 |
| 905 | @a10447@dG219.19@e163 | |
| 999 | @aZXL@eDF | |
| 外国新闻传播史导论/程曼丽著.-上海:复旦大学出版社,2004 |
| 321页;23cm.-(复旦博学.新闻与传播学系列教材) |
| 新世纪版 |
| ISBN 7-309-04124-0:CNY29.00 |
| 本书突破了外国新闻传播史的传统撰写老路,构建了崭新的研究、教学框架。其一,点面结合。对各国新闻媒体的历史沿革、变迁及其政治、文化传统、背景和经济形态,在突出重点中作了较全面的考察、叙述。其二,史论结合。即对新闻传播理论产生的时代背景和历史必然性作了深刻的描述和评判。其三,历史和现实相结合。即对新闻传播史事件和现象作了不间断的分析和解读,使读者更好地理解世界新闻传播业走过的历程,以及明白其共同的规律和使命。 |
| ● |
| 相关链接 |
|
|
|
|
正题名:外国新闻传播史导论
索取号:G219.19/163
 
预约/预借
| 序号 | 登录号 | 条形码 | 馆藏地/架位号 | 状态 | 备注 |
| 1 | 0369620 | 203696205 | 第一样本阅览室/ [索取号:G219.19/163] | 在馆 | |
| 2 | 0369621 | 203696214 | 第四借阅区/ [索取号:G219.19/163] | 在馆 | |
| 3 | 0369622 | 203696223 | 第四借阅区/ [索取号:G219.19/163] | 在馆 | |
| 4 | 0369623 | 203696232 | 第四借阅区/ [索取号:G219.19/163] | 在馆 | |
| 5 | 0369624 | 203696241 | 第四借阅区/ [索取号:G219.19/163] | 在馆 |